Probability and Statistics for Engineers and Scientists (Record no. 5859)
[ view plain ]
| 000 -LEADER | |
|---|---|
| fixed length control field | 00347nam a2200133Ia 4500 |
| 020 ## - INTERNATIONAL STANDARD BOOK NUMBER | |
| ISBN | 978-93-325-1908-4 |
| 100 ## - MAIN ENTRY--AUTHOR NAME | |
| Personal name | Ronald E.Walpole |
| 245 #0 - TITLE STATEMENT | |
| Title | Probability and Statistics for Engineers and Scientists |
| 250 ## - EDITION STATEMENT | |
| Edition statement | 9th |
| 260 ## - PUBLICATION, DISTRIBUTION, ETC. (IMPRINT) | |
| Place of publication | India |
| Name of publisher | Pearson |
| Year of publication | 2016 |
| 300 ## - PHYSICAL DESCRIPTION | |
| Number of Pages | 856 |
| 942 ## - ADDED ENTRY ELEMENTS (KOHA) | |
| Koha item type | Books |
| Withdrawn status | Lost status | Collection code | Permanent Location | Current Location | Shelving location | Date acquired | Full call number | Accession Number | Koha item type |
|---|---|---|---|---|---|---|---|---|---|
| | | Mathematics | MAJU | MAJU | Shelf No.B31 | 2019-09-15 | 519.5 | 9268 | Mathematics |